All 50k+ Cities in Algeria - Statistics

General Stats
  • This quiz has been taken 24 times
  • The average score is 21 of 85
Answers on the Map
Answers color-coded by a green-red scale on the quiz's map according to % correct below.
 
Answer Stats
Population Answer % Correct
2,364,230 Algiers
95%
448,028 Constantine
84%
803,329 Oran
84%
176,139 Béjaïa
74%
81,752 Tamanrasset
68%
204,661 Biskra
63%
173,531 Tlemcen
63%
68,276 Adrar
58%
342,703 Annaba
53%
331,779 Blida
53%
265,833 Djelfa
53%
162,885 Mostaganem
53%
169,928 Ouargla
47%
210,146 Sidi bel Abbès
47%
182,903 Skikda
47%
104,312 Tizi Ouzou
47%
289,504 Batna
42%
165,241 Béchar
42%
186,525 El Oued
42%
142,913 Ghardaïa
42%
131,513 Jijel
42%
252,127 Sétif
42%
194,461 Tébessa
42%
155,134 Chlef
37%
145,441 Médéa
37%
153,479 Souk Ahras
37%
70,810 Aïn Témouchent
32%
120,004 Guelma
32%
108,629 Mascara
32%
142,497 Saïda
32%
178,915 Tiaret
32%
143,270 Touggourt
32%
158,812 Bordj Bou Arreridj
26%
145,380 El Eulma
26%
134,372 Laghouat
26%
87,373 Maghnia
26%
132,975 M'Sila
26%
123,255 Relizane
26%
116,064 Aïn Béïda
21%
58,162 Arzew
21%
85,577 El Bayadh
21%
63,251 Mila
21%
55,259 Aïn Defla
16%
68,545 Bouira
16%
114,472 Khenchela
16%
65,043 Mécheria
16%
62,410 Mohammadia
16%
93,585 Aflou
11%
98,141 Barika
11%
56,398 Boudouaou
11%
57,162 Boufarik
11%
111,787 Bou Saâda
11%
90,122 El Khroub
11%
97,091 Messaâd
11%
58,481 Ouled Djellal
11%
67,201 Oum El Bouaghi
11%
117,558 Rouïba
11%
66,084 Tissemsilt
11%
65,371 Aïn M'lila
5%
51,207 Aïn Oulmane
5%
60,170 Chettia
5%
58,572 El Guerrara
5%
51,665 En Nedjma
5%
77,000 Hassi Bahbah
5%
53,700 Hassi Bounif
5%
80,512 Khemis Miliana
5%
51,451 Ksar Chellala
5%
55,430 Oued Rhiou
5%
71,036 Sougueur
5%
60,426 Taher
5%
98,107 Aïn Oussera
0%
55,736 Aïn Touta
0%
55,775 Berrouaghia
0%
70,749 Bir El Ater
0%
54,495 Chelghoum Laïd
0%
66,160 Cheria
0%
57,344 El Meniaa
0%
83,603 Hamma Bouziane
0%
61,643 Koléa
0%
59,634 Ksar El Boukhari
0%
64,120 La Nouvelle Ville Ali Mendjeli
0%
58,295 Larbaâ
0%
66,856 Sidi Aïssa
0%
61,373 Sig
0%
50,575 Tolga
0%
No matching quizzes found
Score Distribution
Percent of People with Each Score
Percentile by Number Answered
Your Score History
You have not taken this quiz